| 000 | 00619ntaaa2200205 4500 | ||
|---|---|---|---|
| 003 | 01 | ||
| 005 | 20251027200752.0 | ||
| 008 | 0714s1973 ag 01 | ||
| 040 |
_aAR-BaBN _bspa _cAR-BaBN _eaacr _dRIC |
||
| 082 | _a784.3063 L33 | ||
| 100 |
_aLasala, Angel E. _9265 |
||
| 245 |
_aObras corales a 3 voces iguales. A capella y con acompañamiento de piano / _cAngel E. Lasala |
||
| 250 | _a1 ed. | ||
| 260 |
_aBuenos Aires : _bRicordi Americana, _c1958 |
||
| 300 |
_a72 p ; _cpartitura |
||
| 500 | _aBiblioteca de Música.4/84 Juego de fichas retirado | ||
| 650 | _aMusica | ||
| 650 |
_aMusica coral _92838 |
||
| 942 | _cBK | ||
| 999 |
_c1916 _d1916 |
||